000 01796nam a2200373 c 4500
003 BLK
005 20180422110139.0
008 180409b bul|||||r ||||||| ||bul||
010 _aKNG00118679000
020 _a954-23-0322-Х
_bиздат.: Акад. изд. Д. А. Ценов
040 _aBLK
041 _aBUL
_cBUL
080 _aВисши икономически учебни заведения
_b378.933
_x(497.21-21)(091)
_z378.933(497.21-21)(091)
700 1 _aПанайотов, Димитър
_eотг. ред.
_9376063
139 _aАкадемията през погледа на нейните ректори
_bА 38
245 1 0 _aАкадемията през погледа на нейните ректори
_cотг. ред. Димитър Панайотов.
250 _a2. изд.
257 _aBGR
260 Свищов
_bАкад. изд. Д. А. Ценов
_c2006
300 _a248 с.
_bс табл., портр.
_c23 см
380 _a3
500 _aДруги ред. : Н. Павлов, Ат. Дамянов, Ст. Станев ; Плното име на втория ред. е Нено Павлов Ненов, а на ред. Ат. Дамянов - Атанас Дамянов Петров. - 1. изд. 1996. - Изд. ва Стоп. акад. Д. А. Ценов - Свищов. - съдържа и За дарителя
650 4 _aВисши училища, икономически - Свищов
_9294159
651 4 _aСвищов
_9179504
651 4 _aБългария
_9241624
653 _aвисши училища
653 _aСтопанска академия
653 _aистория
852 _aЦб 237648
856 4 _qpdf
_u
856 4 _qpdf
_u
942 _cKNG
_n0
944 _aCR
_c15.01.2008
_kГеновева_Генчева
944 _aED
_c03.02.2009
_k
999 _c113279
_d113279